000 00392nam a2200181Ia 4500
003 0100
008 130303s9999 xx 000 0 und d
040 _cARRUPELIB
050 _aQ151.F621997
100 _aFleet, Barrie
245 _aSimplicius
245 _bOn Aristotle's Physics 2
260 _aIthaca, NY
260 _bCornell UP
260 _C1997
300 _a218p
942 0 0 _01
999 _c17882
_d17882